000 00595nam a22002057a 4500
005 20160128084528.0
010 _aENG-114496
020 _a9788178441450
_c995.00
035 _aEN-98028
037 _bDBAD/PUB
082 _a635.9
100 _aHegde, P.D.
245 _aUseful decorative plants /
_cby P.D. Hegde
260 _aNew Delhi
_bK.K. Publication
_c2014
270 _a4806/24, Bharatram Road, Daryaganj,
_bNew Delhi
_e110002
300 _a256p. :
_c22cm(Hb)
_bill.
650 _aPlants, Ornamental
650 _aPlants, useful
942 _2ddc
_cEN
_mHEG
_h635.9
999 _c98371
_d98371